Law and practice of international commercial arbitration (Record no. 103733)

MARC details
000 -LEADER
fixed length control field 01457cam a2200337 4500
008 - FIXED-LENGTH DATA ELEMENTS--GENERAL INFORMATION
fixed length control field 040913n2004 000 0 eng u
020 ## - INTERNATIONAL STANDARD BOOK NUMBER
International Standard Book Number 0421862408
035 ## - SYSTEM CONTROL NUMBER
System control number (Sirsi) u127323
041 ## - LANGUAGE CODE
Language code of text/sound track or separate title eng
050 ## - LIBRARY OF CONGRESS CALL NUMBER
Classification number 347.09
-- 18
100 ## - MAIN ENTRY--PERSONAL NAME
Personal name Redfern, Alan
245 ## - TITLE STATEMENT
Title Law and practice of international commercial arbitration
250 ## - EDITION STATEMENT
Edition statement 4th ed.
260 ## - PUBLICATION, DISTRIBUTION, ETC.
Place of publication, distribution, etc. London
Name of publisher, distributor, etc. Sweet and Maxwell
Date of publication, distribution, etc. 2004
300 ## - PHYSICAL DESCRIPTION
Extent lviii, 659p.
Dimensions 25cm.
350 ## - PRICE (NR) (BK AM CF MU VM SE) [OBSOLETE]
Price 199
520 ## - SUMMARY, ETC.
Summary, etc. The fourth edition of this detailed text on international commercial arbitration covers: key elements of international arbitration; applicable laws; arbitration clauses and submission agreements; arbitration tribunals; the conduct of proceedings and the role of national courts; arbitration awards; and arbitration under investment treaties. Includes references to cases, statutes, arbitration awards, major arbitration conventions, international arbitration rules, civil codes and treaties.
590 ## - LOCAL NOTE (RLIN)
Local note NB
590 ## - LOCAL NOTE (RLIN)
Local note NB
650 ## - SUBJECT ADDED ENTRY--TOPICAL TERM
Topical term or geographic name entry element COMMERCIAL ARBITRATION
650 ## - SUBJECT ADDED ENTRY--TOPICAL TERM
Topical term or geographic name entry element MANAGEMENT-DISPUTE AVOIDANCE, MANAGEMENT AND RESOLUTION-DISPUTE MANAGEMENT AND RESOLUTION-ARBITRATION
650 ## - SUBJECT ADDED ENTRY--TOPICAL TERM
Topical term or geographic name entry element ALTERNATIVE DISPUTE RESOLUTION
650 ## - SUBJECT ADDED ENTRY--TOPICAL TERM
Topical term or geographic name entry element ARBITRATION AWARDS
650 ## - SUBJECT ADDED ENTRY--TOPICAL TERM
Topical term or geographic name entry element COMMERCIAL DISPUTE RESOLUTION
690 ## - LOCAL SUBJECT ADDED ENTRY--TOPICAL TERM (OCLC, RLIN)
Topical term or geographic name as entry element Dispute resolution
9 (RLIN) 6236
700 ## - ADDED ENTRY--PERSONAL NAME
Personal name Hunter, Martin
700 ## - ADDED ENTRY--PERSONAL NAME
Personal name Blackaby, Nigel
700 ## - ADDED ENTRY--PERSONAL NAME
Personal name Partasides, Constantine
942 ## - ADDED ENTRY ELEMENTS (KOHA)
Suppress in OPAC 0
Holdings
Withdrawn status Lost status Source of classification or shelving scheme Damaged status Not for loan Home library Current library Shelving location Date acquired Cost, normal purchase price Total Checkouts Full call number Barcode Date last seen Date last checked out Copy number Cost, replacement price Price effective from Koha item type
    Dewey Decimal Classification     London London Books 25/02/2005 169.15 22 347.09 RED 30069872 06/08/2019 18/02/2010 1 169.15 06/08/2019 Book